Formato MARC21

Signatura BDML-MML-Ms-M000771
Número de control M000771
Registro MARC21
La gran retreta
=001 M000771
=003 BDML
=005 19042026092149
=008 190426||||||||||||||||||||||||||||||||||
=031 ##$a1$b1$c1$gG-2$mClarinete$nbB$o4/4$p'1D/4D-,2B/'4G8-G2G/4G-2E/4F8-F2F/4F-2F/$2pe
=040 ##$aBDML$bspa$cBDML
=092 ##$aBDML$bBDML$cEC$dMs$0M000771
=100 1#$aBortniansky, Dmitry Stepanovich$d1751-1825$jCertificada
=245 10$aLa gran retreta$h[música manuscrita]
=300 ##$a18 folios$c34.1 x 24.1 cm
=340 ##$dManuscrito
=348 ##$aPartitura
=382 ##$aBanda
=384 0#$aMi♭ mayor
=500 ##$aDatos tomados de la portada y encabezado de la música.
=520 ##$aEn la portada se lee el siguiente texto: ¨La gran retreta. CUADERNO DE MUSICA. Nº3/16. ALMACEN DE MUSICA DE A. RIVADENEIRA S. VENEZUELA 947. QUITO ECUADOR¨.
=520 ##$aSe tratan de partes instrumentales de instrumentos de banda para marcha militar, consta de tres partes que son: Preludio, Oración, Invitación. --En la esquina superior izquierda de cada parte se leen los siguientes nombres de instrumentos: "Flautín Reb, Requinto Mib, Clarinetes 2º y 3º, Clarinete 1º, Cornetín 1º, Cornetín 2º, Pistón 2º Cornetín 2º, Saxofón Alto Mib, Saxofón Tenor Sib, Saxofón Alto 2º y 3º, Baritono 1º, Bajo solo Sib, Bombardino 2º, Trombón solo, Trombón 2º y 3º, Contrabajo Mib, Contrabajo Sib, Batería, Baritono 2º Sib, ".
=545 0#$aNacido en Glukhov, Ucrania, se unió al coro imperial a los 8 años y estudió con Galuppi, quien más tarde lo llevó consigo a Italia, donde estudió durante 10 años, convirtiéndose en compositor, clavecinista y director de orquesta. Durante su estancia en Italia compuso varias óperas y otras obras instrumentales, y posteriormente compuso más óperas y música en Rusia. En 1779 regresó a Rusia, donde fue nombrado director del coro de la capilla imperial, el primero de su nacionalidad en ocupar dicho cargo. En 1796 fue nombrado director musical. Con un instrumento tan magnífico a su disposición, produjo numerosas composiciones, más de 100 obras religiosas, conciertos sacros, cantatas e himnos. Influyó en Rachmaninoff y Tchaikovsky, este último editando la obra sacra de Bortniansky, que llegó a recopilar en 10 volúmenes. Falleció en San Petersburgo. Era tan popular en Rusia que se erigió una estatua de bronce en su honor en el Kremlin de Nóvgorod. Compuso música en diferentes estilos, incluyendo obras corales en francés, italiano, latín, alemán y eslavo eclesiástico.$uhttps://hymnary.org/person/Bortnianski_Dimitri
=650 04$aMarcha Militar$ySiglo XX$zEcuador, Loja
=773 1#$aBortniansky, Dmitry Stepanovich (1751-1825)$tLa gran retreta$wM000607
=852 ##$aMuseo de la Música Salvador Zaragocín Tapia$hAnexo 18 (a)